| 000 | 00496nam a22001337a 4500 | ||
|---|---|---|---|
| 999 |
_c4268 _d234772 |
||
| 022 | _a9874373695 | ||
| 080 | _a343.81 C 751 | ||
| 245 |
_aCuaderno Negro _brevista sobre la cärcel y la filosofía del castigo |
||
| 260 |
_aBuenos Aires _bA. Marambio Avaria _c2004 |
||
| 300 | _a252 P. | ||
| 650 |
_xcriminologia _xejecucion penal _xreclusion por tiempo indeterminado _xpolitica penitenciaria _xmujeres en prision _xreclusion _xbrazalete electronico _xley 24660 |
||
| 942 | _2cdu | ||
| 945 |
_acd _d2016-03-17 |
||